Olympic Running Distances - Sudden Death - Statistics

General Stats
  • This quiz has been taken 71 times
  • The average score is 9 of 14
Answers on the Grid
Answers color-coded by a green-red scale on the quiz's grid according to % correct below.
60m
60m Hurdles
100m
110m Hurdles
200m
300m
400m
400m Hurdles
500m
600m
800m
1000m
1500m
1600m
Mile
2000m Steeple
3000m Steeple
3200m
5000m
10,000m
20,000m Racewalk
Half Marathon
Marathon
4x100m Relay
4x400m Relay
 
Answer Stats
Answer % Correct
100m
91%
200m
82%
400m
82%
800m
70%
110m Hurdles
66%
400m Hurdles
66%
1500m
64%
Marathon
57%
5000m
55%
4x100m Relay
54%
10,000m
52%
4x400m Relay
50%
3000m Steeple
45%
20,000m Racewalk
39%
No matching quizzes found
Score Distribution
Percent of People with Each Score
Percentile by Number Answered
Your Score History
You have not taken this quiz